[Event "Michigan Open Reserve"]
[Site "Romulus, MI"]
[Date "2000.09.04"]
[Round "6.24"]
[White "West, Tony"]
[Black "Shellenberger, Richard"]
[Result "1-0"]
[WhiteElo "1731"]
[BlackElo "1716"]
[PlyCount "127"]
[EventDate "2000.09.01"]

1. e4 e6 2. d4 d5 3. Nc3 Bb4 4. e5 c5 5. a3 Bxc3+ 6. bxc3 Nc6 7. Nf3 Nge7 8.
Bd3 Qb6 9. O-O Bd7 10. Be3 c4 11. Be2 Nf5 12. Bd2 Qc7 13. h3 h6 14. Nh2 O-O-O
15. Qb1 Nb8 16. a4 Bc6 17. Qa2 f6 18. Nf3 Nd7 19. Bf4 g5 20. Bh2 fxe5 21. Nxe5
Nxe5 22. Bxe5 Qf7 23. Bxh8 Rxh8 24. Qa3 Qd7 25. Rfe1 Nd6 26. Bg4 Re8 27. f3 Re7
28. Re5 Kd8 29. Rae1 Bxa4 30. Rxe6 Rxe6 31. Rxe6 Nc8 32. Rxh6 Qe8 33. Re6 Qb5
34. Re5 Qb1+ 35. Kh2 Bc6 36. Qf8+ Kc7 37. Qxc8+ Kb6 38. Qd8+ Ka6 39. Qe7 Qc1
40. Qxg5 Qxc2 41. Qe3 Kb5 42. Bf5 Qa4 43. Qc1 a5 44. Re2 Ka6 45. Qb1 Qa3 46.
Qe1 Qd6+ 47. Kg1 Qf4 48. Bg4 a4 49. h4 b5 50. Bc8+ Kb6 51. h5 Qg5 52. Re5 Qd8
53. Bf5 Qd6 54. Bb1 Ka5 55. Qd2 a3 56. h6 Ka4 57. Qc2+ Ka5 58. h7 Qh6 59. Re1
b4 60. cxb4+ Kxb4 61. Ba2 Ba4 62. Qb1+ Kc3 63. Qc1+ Kb4 64. Qxh6 1-0

[Event "Michigan Open"]
[Site "Romulus, MI"]
[Date "2000.09.04"]
[Round "6.1"]
[White "Ward, Tom"]
[Black "Finegold, Ben"]
[Result "0-1"]
[WhiteElo "2246"]
[BlackElo "2562"]
[PlyCount "80"]
[EventDate "2000.09.01"]

1. e4 c5 2. Nf3 Nc6 3. d4 cxd4 4. Nxd4 g6 5. c4 Nf6 6. Nc3 d6 7. Be2 Bg7 8. Be3
O-O 9. O-O Bd7 10. Rc1 Nxd4 11. Bxd4 Bc6 12. Qd3 Nd7 13. Bxg7 Kxg7 14. Qd4+ Kg8
15. Bg4 Ne5 16. Bh3 Qb6 17. Qxb6 axb6 18. b3 g5 19. f3 h5 20. g3 g4 21. Bg2
gxf3 22. Bxf3 h4 23. Bg2 hxg3 24. hxg3 Kg7 25. Rc2 Rh8 26. Nd5 Bxd5 27. cxd5
Rhc8 28. Rfc1 Rc5 29. b4 Rxc2 30. Rxc2 Kf6 31. Bf1 Ra4 32. Rb2 Ra3 33. Kg2 Kg5
34. Be2 Re3 35. a4 Rxe4 36. a5 Rd4 37. axb6 Nd7 38. Rc2 Nxb6 39. Rc7 Nxd5 40.
Rxb7 Rxb4 0-1

[Event "Michigan Open"]
[Site "Romulus, MI"]
[Date "2000.09.04"]
[Round "7.3"]
[White "Ward, Tom"]
[Black "Andrews, Steve"]
[Result "0-1"]
[WhiteElo "2246"]
[BlackElo "2248"]
[PlyCount "76"]
[EventDate "2000.09.01"]

1. e4 Nf6 2. e5 Nd5 3. d4 d6 4. Bc4 Nb6 5. Bb3 dxe5 6. Qh5 e6 7. dxe5 Nc6 8.
Nf3 Na5 9. Nc3 Nxb3 10. axb3 Be7 11. Qg4 Kf8 12. O-O Qe8 13. Ne4 h6 14. Rd1 Bd7
15. Nd4 a6 16. Rd3 c5 17. Ne2 Bc6 18. Be3 Nd7 19. Nd6 Bxd6 20. Rxd6 Nxe5 21.
Qh5 f6 22. Qxe8+ Rxe8 23. Bxc5 Kf7 24. Rad1 Rc8 25. Bb6 Rhe8 26. c4 Re7 27. Nd4
Be4 28. f3 Bg6 29. f4 Nd7 30. Ba5 Nc5 31. Nf3 Bc2 32. Rc1 Bxb3 33. Nd4 Ba4 34.
b4 Nd3 35. Ra1 Be8 36. Nxe6 Rxe6 37. Rxd3 Rxc4 38. Rf3 b6 0-1

[Event "Michigan Open Reserve"]
[Site "Romulus, MI"]
[Date "2000.09.04"]
[Round "7.41"]
[White "Vasos, John"]
[Black "Ramp, James"]
[Result "1/2-1/2"]
[WhiteElo "1092"]
[BlackElo "1348"]
[PlyCount "89"]
[EventDate "2000.09.01"]

1. Nf3 d5 2. d4 Nf6 3. Nc3 e6 4. Bg5 Be7 5. e3 Nbd7 6. Bf4 Nh5 7. Be5 Nxe5 8.
Nxe5 Nf6 9. Bd3 a6 10. O-O c5 11. Ne2 Qb6 12. b3 Qc7 13. c3 Bd6 14. f4 Bd7 15.
Rf3 Bb5 16. c4 dxc4 17. Nxc4 Bc6 18. Nxd6+ Qxd6 19. Rh3 Qd5 20. Qf1 Ne4 21. Rd1
h6 22. Rf3 b5 23. Bxe4 Qxe4 24. dxc5 Qc2 25. Nd4 Qe4 26. Nxc6 Qxc6 27. b4 Rd8
28. Rxd8+ Kxd8 29. Qd3+ Ke7 30. e4 Rd8 31. Qe2 Rd4 32. Qe1 Rxe4 33. Qd2 g5 34.
Rd3 Rxf4 35. Rd6 Qe4 36. Rd7+ Kf6 37. Qc3+ Kg6 38. Qd3 Qxd3 39. Rxd3 Rc4 40. a3
f5 41. Rd6 Kf6 42. Rd8 Rc3 43. Rh8 Kg7 44. Re8 Kf7 45. Rh8 1/2-1/2

[Event "Michigan Open"]
[Site "Romulus, MI"]
[Date "2000.09.04"]
[Round "6.21"]
[White "Vandivier, Don"]
[Black "Zubatch, Steve"]
[Result "1-0"]
[WhiteElo "1850"]
[BlackElo "1869"]
[PlyCount "151"]
[EventDate "2000.09.01"]

1. e4 g6 2. d4 Bg7 3. Nc3 d6 4. Be3 Nf6 5. f3 O-O 6. Qd2 Re8 7. O-O-O b6 8. Bh6
Bh8 9. g4 Ba6 10. Bxa6 Nxa6 11. h4 c5 12. d5 Qb8 13. h5 b5 14. hxg6 hxg6 15.
Qh2 b4 16. Bg5 Bg7 17. Nb1 Nc7 18. Bxf6 Bxf6 19. f4 e6 20. dxe6 Nxe6 21. f5 Ng5
22. fxg6 fxg6 23. Rf1 Qd8 24. Qh6 Bg7 25. Qxg6 Re6 26. Qf5 Qf8 27. Qxe6+ Nxe6
28. Rxf8+ Rxf8 29. Ne2 Rf2 30. Kd1 Bxb2 31. Nd2 Nd4 32. Nxd4 Bxd4 33. Nc4 Rf4
34. Nxd6 Rxg4 35. Re1 Be5 36. Nf5 Kf8 37. Re3 Rg1+ 38. Re1 Rg4 39. Re3 Bc3 40.
Ke2 Rg2+ 41. Kd3 Rd2+ 42. Kc4 Rxc2 43. Kb3 Rb2+ 44. Kc4 Bd4 45. Rf3 Kg8 46.
Nxd4 cxd4 47. a3 bxa3 48. Rxa3 Rb7 49. Kxd4 Kf8 50. Rh3 Rg7 51. Kd5 Rg6 52. e5
Ra6 53. Rh8+ Ke7 54. Rh7+ Ke8 55. Ke4 Ra1 56. Kf5 a5 57. Ke6 Kd8 58. Rd7+ Kc8
59. Ke7 a4 60. e6 a3 61. Rd2 a2 62. Rc2+ Kb7 63. Re2 Kc7 64. Ke8 Kd6 65. e7 Kc6
66. Rc2+ Kb7 67. Rf2 Kc7 68. Kf8 Re1 69. Rxa2 Rf1+ 70. Ke8 Rh1 71. Rc2+ Kb7 72.
Rc4 Rf1 73. Kd7 Rd1+ 74. Ke6 Re1+ 75. Kd6 Rd1+ 76. Ke5 1-0

[Event "Michigan Open"]
[Site "Romulus, MI"]
[Date "2000.09.04"]
[Round "6.16"]
[White "Triplett, Thomas"]
[Black "Lehotzky, Attila"]
[Result "0-1"]
[WhiteElo "1893"]
[BlackElo "1998"]
[PlyCount "82"]
[EventDate "2000.09.01"]

1. d4 Nf6 2. Nf3 g6 3. Bf4 Bg7 4. e3 d6 5. h3 Nh5 6. Bh2 c5 7. c3 cxd4 8. cxd4
Nc6 9. Be2 O-O 10. Nc3 a6 11. O-O Nf6 12. Rc1 Bd7 13. a3 Rc8 14. b4 b5 15. Rc2
Rc7 16. Qd2 Bf5 17. Bd3 Bxd3 18. Qxd3 Qd7 19. Rfc1 Rfc8 20. g4 Nxg4 21. Nd5
Nxh2 22. Nxh2 Rb7 23. Rxc6 Rxc6 24. Nxe7+ Qxe7 25. Rxc6 Qg5+ 26. Ng4 h5 27.
Rc8+ Kh7 28. f4 Qh4 29. Nf2 Qg3+ 30. Kf1 Re7 31. Rc6 Rxe3 32. Qd2 Rxa3 33. Rxd6
Qf3 34. Qc1 Ra2 35. Qe1 Qxf4 36. Rd7 Bxd4 37. Rxd4 Qxd4 38. Nd1 Qd3+ 39. Kg1
Qxh3 40. Nf2 Qg3+ 41. Kf1 Qxf2+ 0-1

[Event "Michigan Open Reserve"]
[Site "Romulus, MI"]
[Date "2000.09.04"]
[Round "7.39"]
[White "Treacy, Joe"]
[Black "Vasos, Brandon"]
[Result "1-0"]
[WhiteElo "1500"]
[BlackElo "1049"]
[PlyCount "37"]
[EventDate "2000.09.01"]

1. e4 e5 2. Nf3 Nc6 3. Bb5 Nf6 4. O-O Bd6 5. d4 O-O 6. Bxc6 dxc6 7. dxe5 Nxe4
8. exd6 cxd6 9. Be3 Bg4 10. Nbd2 d5 11. c3 f5 12. Qc2 f4 13. Bd4 Nxd2 14. Qxd2
Bxf3 15. gxf3 Qg5+ 16. Kh1 Rf5 17. Rg1 Qh4 18. Qe1 Rh5 19. Qe6+ 1-0

[Event "Michigan Open Reserve"]
[Site "Romulus, MI"]
[Date "2000.09.04"]
[Round "6.44"]
[White "Swathell, Gary"]
[Black "Krivochenitser, Roman"]
[Result "0-1"]
[WhiteElo "1500"]
[BlackElo "1189"]
[PlyCount "53"]
[EventDate "2000.09.01"]

1. c4 e5 2. Nc3 Nc6 3. g3 Nf6 4. Bg2 Bc5 5. d3 Ng4 6. e3 d6 7. Nf3 O-O 8. O-O
Qf6 9. Ne4 Qg6 10. Nxc5 dxc5 11. b3 Bf5 12. Nh4 Qh5 13. h3 g6 14. hxg4 Bxg4 15.
Bf3 f5 16. Bxg4 fxg4 17. Ba3 g5 18. Ng2 Rad8 19. Bxc5 e4 20. Bxf8 Ne5 21. f4
exf3 22. d4 fxg2 23. Rf5 Nf3+ 24. Rxf3 gxf3 25. Kf2 Rxf8 26. Qg1 g4 27. Rd1 0-1

[Event "Michigan Open Reserve"]
[Site "Romulus, MI"]
[Date "2000.09.04"]
[Round "7.32"]
[White "Swathell, Gary"]
[Black "Hershberger, Kent"]
[Result "1-0"]
[WhiteElo "1500"]
[BlackElo "1024"]
[PlyCount "117"]
[EventDate "2000.09.01"]

1. c4 e5 2. Nc3 Nf6 3. d3 Bc5 4. Nf3 Nc6 5. g3 O-O 6. Bg2 Ng4 7. O-O f5 8. Na4
Be7 9. h3 Nf6 10. a3 Nh5 11. b4 f4 12. g4 Nf6 13. b5 Nd4 14. Nxd4 exd4 15. Bb2
d5 16. Bxd4 dxc4 17. Bxf6 Bxf6 18. Rb1 cxd3 19. exd3 a6 20. bxa6 Rxa6 21. Qb3+
Be6 22. Qc2 b6 23. Rfe1 Bd5 24. Bxd5+ Qxd5 25. Nc3 Qf3 26. Ne4 Bh4 27. Qc4+ Kh8
28. Qxa6 Qxh3 29. d4 f3 30. Qf1 Qxg4+ 31. Kh1 Rf5 32. Ng3 Rf8 33. Re4 Qg5 34.
Qh3 Bxg3 35. Qxg3 Qf5 36. Rbe1 h6 37. Re8 Rxe8 38. Rxe8+ Kh7 39. Re3 Qh5+ 40.
Kg1 Qd5 41. Qxf3 Qxd4 42. Qf5+ g6 43. Re7+ Qg7 44. Rxg7+ Kxg7 45. Qd7+ Kf6 46.
Qxc7 h5 47. Kg2 Kg5 48. Kg3 h4+ 49. Kh3 Kh5 50. Qxb6 g5 51. Qc5 Kg6 52. Qc2+
Kh5 53. Qd1+ Kg6 54. f4 gxf4 55. Kxh4 f3 56. Qd3+ Kg7 57. Kg5 f2 58. Qd4+ Kf8
59. Qxf2+ 1-0

[Event "Michigan Open Reserve"]
[Site "Romulus, MI"]
[Date "2000.09.04"]
[Round "6.59"]
[White "Stojanovski, Zoran"]
[Black "Culverson, Javin"]
[Result "0-1"]
[WhiteElo "1424"]
[BlackElo "936"]
[PlyCount "100"]
[EventDate "2000.09.01"]

1. e4 c6 2. Nf3 d5 3. exd5 cxd5 4. d4 Nc6 5. Be2 g6 6. O-O Bg7 7. Re1 Bg4 8.
Ne5 Bxe2 9. Rxe2 e6 10. Na3 Nge7 11. b3 O-O 12. Bb2 Qd6 13. Nb5 Qb4 14. a4 a6
15. Ba3 Qa5 16. Bxe7 Nxe7 17. Na3 Rfc8 18. c4 Nc6 19. Nxc6 Rxc6 20. c5 b6 21.
cxb6 Qxb6 22. Rd2 Rc3 23. Rd3 Rxd3 24. Qxd3 Qxd4 25. Qxd4 Bxd4 26. Rd1 Bb2 27.
Nc2 Rd8 28. Nd4 Bxd4 29. Rxd4 Kg7 30. Kf1 e5 31. Rb4 Rd6 32. a5 d4 33. Ke2 Kf6
34. Kd3 e4+ 35. Kd2 Ke5 36. Rb7 Rf6 37. Ke2 Kd5 38. Rc7 Rc6 39. Rxf7 Rc2+ 40.
Kd1 d3 41. Rf6 Rc6 42. Rf7 Kd4 43. Rd7+ Kc3 44. Re7 Kxb3 45. Rxe4 Kc3 46. Re5
Rc4 47. Re6 Ra4 48. Rc6+ Kb4 49. Rb6+ Kc3 50. Rxa6 Ra1# 0-1

[Event "Michigan Open Reserve"]
[Site "Romulus, MI"]
[Date "2000.09.04"]
[Round "6.34"]
[White "Steen, Harold"]
[Black "Biache, August"]
[Result "1-0"]
[WhiteElo "1670"]
[BlackElo "1444"]
[PlyCount "97"]
[EventDate "2000.09.01"]

1. d4 Nf6 2. e3 g6 3. Nf3 d6 4. Bd3 Bg7 5. b3 b6 6. Bb2 Bb7 7. Nbd2 Nbd7 8. O-O
c6 9. e4 Qc7 10. e5 dxe5 11. Nxe5 Nxe5 12. dxe5 Nd5 13. f4 O-O-O 14. Qe2 f5 15.
a3 e6 16. Nc4 Kb8 17. Nd6 Bf8 18. c4 Nxf4 19. Rxf4 g5 20. Rff1 h5 21. Rac1 Bh6
22. b4 g4 23. Rc2 f4 24. Be4 Ba8 25. c5 f3 26. gxf3 gxf3 27. Bxf3 Rdf8 28. Bg2
Qg7 29. Rxf8+ Rxf8 30. Bc1 Bf4 31. Bxf4 Rxf4 32. Qxh5 Rf8 33. Rf2 Rh8 34. Qe2
Qh6 35. Bf1 Qc1 36. Qf3 bxc5 37. bxc5 Qxc5 38. Qb3+ Kc7 39. Qxe6 Kb6 40. a4 Ka5
41. Nc4+ Kxa4 42. Nb2+ Ka5 43. Nd3 Qe3 44. Bg2 Qxd3 45. Qa2+ Kb6 46. Rb2+ Kc5
47. Qa5+ Kd4 48. Rd2 Rh5 49. Qd8+ 1-0

[Event "Michigan Open Reserve"]
[Site "Romulus, MI"]
[Date "2000.09.04"]
[Round "7.32"]
[White "Solski, Jeff"]
[Black "Laurin, Edward"]
[Result "0-1"]
[WhiteElo "1486"]
[BlackElo "1276"]
[PlyCount "72"]
[EventDate "2000.09.01"]

1. e4 b6 2. d4 Bb7 3. Nc3 e6 4. Bc4 Bb4 5. f3 d5 6. Bd3 dxe4 7. Bxe4 Bxe4 8.
fxe4 Bxc3+ 9. bxc3 Qh4+ 10. Kf1 Qxe4 11. Qf3 Nf6 12. Ba3 Qxf3+ 13. Nxf3 Ne4 14.
c4 Nd6 15. c5 Nc4 16. cxb6 axb6 17. Bb4 Ne3+ 18. Kf2 Nxc2 19. a3 Nxa1 20. Rxa1
Nc6 21. Rc1 Nxb4 22. axb4 O-O 23. Rxc7 Rfc8 24. Rd7 f6 25. g4 Rc4 26. Rd6 Rxb4
27. Rxe6 Ra2+ 28. Kg3 Rb3 29. Kf4 g5+ 30. Kg3 Kf7 31. Rc6 Raa3 32. Rc7+ Ke6 33.
Rc6+ Kd5 34. Rxf6 Rxf3+ 35. Rxf3 Rxf3+ 36. Kxf3 Kxd4 0-1

[Event "Michigan Open Reserve"]
[Site "Romulus, MI"]
[Date "2000.09.04"]
[Round "7.37"]
[White "Sobh, Tarek"]
[Black "Morian, William"]
[Result "0-1"]
[WhiteElo "1196"]
[BlackElo "1548"]
[PlyCount "112"]
[EventDate "2000.09.01"]

1. e4 e5 2. Nf3 Nc6 3. Bb5 Bc5 4. Bxc6 dxc6 5. Nxe5 Qd4 6. Nd3 Qxe4+ 7. Qe2
Qxe2+ 8. Kxe2 Bd6 9. Re1 Be6 10. g3 Nf6 11. Kf1 O-O 12. Kg1 Rfe8 13. b3 Bf5 14.
Rxe8+ Rxe8 15. Bb2 Bxd3 16. cxd3 Ng4 17. Bd4 Be5 18. Bxe5 Nxe5 19. Nc3 Nxd3 20.
Kf1 Re6 21. f4 f5 22. Ne2 c5 23. Nc3 c6 24. Rb1 b6 25. a3 Kf7 26. b4 c4 27. b5
Rd6 28. bxc6 Rxc6 29. Rb5 Rc5 30. a4 Rxb5 31. axb5 Ke6 32. Ke2 Kd6 33. Ke3 Kc5
34. Ke2 Nb4 35. Ke3 Nd5+ 36. Ke2 Nxc3+ 37. dxc3 Kxb5 38. Kd2 Ka4 39. Kc2 Ka3
40. Kd2 Kb2 41. Ke3 Kxc3 42. h3 Kb3 43. g4 g6 44. gxf5 gxf5 45. Kd4 c3 46. Ke5
c2 47. Kxf5 c1=Q 48. Kg4 Qc6 49. f5 Qf6 50. h4 Kc4 51. Kf4 Kd5 52. Kg4 Ke5 53.
Kh5 Qxf5+ 54. Kh6 Qg4 55. h5 Kf6 56. Kxh7 Qg7# 0-1

[Event "Michigan Open Reserve"]
[Site "Romulus, MI"]
[Date "2000.09.04"]
[Round "7.19"]
[White "Sobh, Hassan"]
[Black "West, Tony"]
[Result "1/2-1/2"]
[WhiteElo "1681"]
[BlackElo "1731"]
[Annotator "Jeff Aldrich"]
[PlyCount "59"]
[EventDate "2000.09.01"]

{Sicilian: Snyder} 1. e4 c5 2. b3 {Needing only a draw, white avoids the main
Sicilian lines.} d5 {Not considered best against this line.} 3. exd5 Qxd5 4.
Nc3 Qd8 5. Bb2 Nf6 6. Bc4 Nc6 7. Nge2 a6 8. a4 Ne5 9. d3 Nxc4 10. dxc4 Bd7 11.
O-O e6 12. Ng3 Be7 13. Nce4 Bc6 14. Qe2 Qc7 15. Rad1 Qf4 $6 16. Rfe1 ({White
decides to keep thing quiet. He could gain a small advantage (but with
complications) after} 16. Nxf6+ Bxf6 17. Nh5 Qh6 (17... Qg5 18. f4) 18. Nxf6+
gxf6) 16... Nxe4 17. Nxe4 O-O 18. Ng3 g6 19. Qe3 Qxe3 20. Rxe3 Rfd8 21. Red3 f6
22. f3 Kf7 23. Kf2 b5 24. cxb5 axb5 25. axb5 Bxb5 26. Rxd8 Rxd8 27. Rxd8 Bxd8
28. Ne4 Be7 29. c4 ({White could win a pawn with} 29. Bxf6 Bxf6 30. Nd6+ {The
text move pretty much guarantees a draw. Maybe he just wanted to get home
early.}) 29... Bc6 30. Ke3 1/2-1/2

[Event "Michigan Open"]
[Site "Romulus, MI"]
[Date "2000.09.04"]
[Round "6.17"]
[White "Smith, Walt"]
[Black "Manion, Tom"]
[Result "0-1"]
[WhiteElo "1961"]
[BlackElo "1858"]
[PlyCount "84"]
[EventDate "2000.09.01"]

{Game was played with wrong colors as compared to pairing.} 1. f4 Nf6 2. Nf3 g6
3. e3 Bg7 4. Be2 O-O 5. O-O b6 6. c4 Bb7 7. Nc3 c5 8. b3 d5 9. cxd5 Nxd5 10.
Bb2 Nf6 11. Qc2 Nc6 12. Rac1 Nb4 13. Qb1 Rc8 14. a3 Nbd5 15. Rfd1 e6 16. Qc2
Qe7 17. Ne5 Rfd8 18. g4 a6 19. g5 Ne8 20. Nxd5 exd5 21. Bg4 Rc7 22. Bh3 d4 23.
Ng4 Be4 24. d3 Bf3 25. Re1 Bxg4 26. Bxg4 Qd6 27. exd4 Bxd4+ 28. Bxd4 Qxd4+ 29.
Qf2 Ng7 30. Re3 f5 31. gxf6 Qxf6 32. b4 Qd6 33. bxc5 Rxc5 34. Rce1 Rf8 35. Be6+
Kh8 36. d4 Qxd4 37. Re4 Qxf2+ 38. Kxf2 Nxe6 39. Rxe6 Rb5 40. Re7 Rxf4+ 41. Kg2
h5 42. R1e2 Rg5+ 0-1

[Event "Michigan Open"]
[Site "Romulus, MI"]
[Date "2000.09.04"]
[Round "6.60"]
[White "Skidmore, Jennifer"]
[Black "Spooner, Frank"]
[Result "1-0"]
[WhiteElo "1867"]
[BlackElo "1781"]
[PlyCount "65"]
[EventDate "2000.09.01"]

1. e4 c5 2. Nc3 Nc6 3. f4 e6 4. Nf3 a6 5. g3 Qc7 6. Bg2 d6 7. d3 Nf6 8. O-O Be7
9. Bd2 Rb8 10. Rc1 b5 11. Qe2 Nd4 12. Nxd4 cxd4 13. Nd1 Bb7 14. Nf2 O-O 15. g4
Nd7 16. c4 dxc3 17. Rxc3 Qd8 18. d4 Bf6 19. Rd3 g6 20. Bb4 Qb6 21. e5 Bxg2 22.
Kxg2 Be7 23. g5 a5 24. Bd2 dxe5 25. fxe5 Kg7 26. Qg4 Rh8 27. Rf3 Rbf8 28. Ne4
Qd8 29. h4 Rhg8 30. Rh1 b4 31. Rfh3 Qa8 32. Kg1 Nxe5 33. dxe5 {Time} 1-0

[Event "Michigan Open Reserve"]
[Site "Romulus, MI"]
[Date "2000.09.04"]
[Round "7.23"]
[White "Schell, Ken"]
[Black "McCarter, Robert"]
[Result "1/2-1/2"]
[WhiteElo "1555"]
[BlackElo "1649"]
[PlyCount "55"]
[EventDate "2000.09.01"]

1. e4 c5 2. Nf3 Nc6 3. d4 cxd4 4. Nxd4 g6 5. Nc3 Bg7 6. Be3 Nf6 7. f3 O-O 8.
Qd2 Nxd4 9. Bxd4 d6 10. Bc4 Qa5 11. O-O-O Bd7 12. Kb1 Rfc8 13. Bb3 Be8 14. Rhe1
Nd7 15. Bxg7 Kxg7 16. h4 Nc5 17. h5 Nxb3 18. cxb3 gxh5 19. e5 f6 20. exf6+ exf6
21. Re7+ Kg8 22. Qd5+ Qxd5 23. Nxd5 Bg6+ 24. Ka1 Kf8 25. Rxb7 Rc2 26. Nc3 Rxg2
27. Rxd6 Rg1+ 28. Rd1 1/2-1/2

[Event "Michigan Open Reserve"]
[Site "Romulus, MI"]
[Date "2000.09.04"]
[Round "6.43"]
[White "Saylor, Oliver"]
[Black "Serwatowski, Felix"]
[Result "1-0"]
[WhiteElo "1244"]
[BlackElo "1315"]
[PlyCount "87"]
[EventDate "2000.09.01"]

1. e4 e5 2. Nf3 Nc6 3. Bc4 Bc5 4. Bb3 Nf6 5. d3 O-O 6. Bg5 h6 7. Bxf6 Qxf6 8.
Nc3 Ne7 9. Na4 Bd6 10. O-O b6 11. Nc3 Ba6 12. a4 c6 13. Ne2 Bc7 14. c4 Rad8 15.
Qd2 d5 16. Qc2 dxe4 17. dxe4 c5 18. Nc3 Bb7 19. a5 a6 20. axb6 Bxb6 21. Ba2 Ba5
22. Na4 Bb4 23. Bb1 Ng6 24. Nc3 Bxc3 25. Qxc3 Nf4 26. Qxe5 Qxe5 27. Nxe5 Rde8
28. Nd7 Bxe4 29. Bxe4 Rxe4 30. Nxf8 Kxf8 31. b3 Ne2+ 32. Kh1 Nd4 33. f3 Re3 34.
Rxa6 Rxb3 35. Re1 Ne6 36. f4 g6 37. h3 Nxf4 38. Ra8+ Kg7 39. Rc8 Nd3 40. Re7
Rc3 41. Rcc7 Rxc4 42. Rxf7+ Kg8 43. Rfd7 Rd4 44. Rc8# 1-0

[Event "Michigan Open"]
[Site "Romulus, MI"]
[Date "2000.09.04"]
[Round "6.2"]
[White "Santiago, Reynaldo"]
[Black "Turgut, Tansel"]
[Result "0-1"]
[WhiteElo "2030"]
[BlackElo "2382"]
[PlyCount "52"]
[EventDate "2000.09.01"]

1. e4 e5 2. Nf3 Nc6 3. Bb5 a6 4. Ba4 d6 5. c3 f5 6. d3 Nf6 7. Nbd2 g6 8. b4 Bg7
9. b5 axb5 10. Bxb5 O-O 11. O-O Kh8 12. Re1 Nh5 13. Nf1 fxe4 14. dxe4 Bg4 15.
N1d2 Bh6 16. Be2 Nf4 17. Bf1 Qf6 18. h3 Bxf3 19. Nxf3 Nxh3+ 20. Kh2 Nxf2 21.
Qc2 Bxc1 22. Rexc1 Ng4+ 23. Kg1 Qf4 24. Bb5 Qe3+ 25. Kh1 Rf6 26. Bxc6 g5 0-1

[Event "Michigan Open"]
[Site "Romulus, MI"]
[Date "2000.09.04"]
[Round "7.17"]
[White "Rogers, Bradley"]
[Black "Beckwith, Stan"]
[Result "1-0"]
[WhiteElo "2000"]
[BlackElo "1746"]
[PlyCount "45"]
[EventDate "2000.09.01"]

1. d4 Nf6 2. c4 g6 3. Nc3 d5 4. cxd5 Nxd5 5. e4 Nxc3 6. bxc3 c5 7. Bc4 Bg7 8.
Ne2 O-O 9. O-O Nc6 10. Be3 Qc7 11. Rc1 Rd8 12. Kh1 Na5 13. Bd3 c4 14. Bb1 b5
15. Qe1 Bb7 16. f4 e6 17. Ng3 Qe7 18. Qf2 f6 19. f5 e5 20. fxg6 hxg6 21. d5 Bc8
22. Bc2 a6 23. Bb6 1-0

[Event "Michigan Open Reserve"]
[Site "Romulus, MI"]
[Date "2000.09.04"]
[Round "7.28"]
[White "Raugh, Walter"]
[Black "Raban, David"]
[Result "0-1"]
[WhiteElo "1150"]
[BlackElo "1586"]
[PlyCount "76"]
[EventDate "2000.09.01"]

1. e4 e6 2. d4 d5 3. Nc3 Bb4 4. e5 c5 5. a3 Bxc3+ 6. bxc3 Ne7 7. Qg4 Qc7 8.
Qxg7 Rg8 9. Qxh7 cxd4 10. Kd1 Nbc6 11. f4 dxc3 12. Be3 d4 13. Bf2 Bd7 14. Ne2
O-O-O 15. Qd3 Nf5 16. Ke1 f6 17. exf6 e5 18. Ng3 Nxg3 19. hxg3 e4 20. Qc4 e3
21. Bg1 Qd6 22. f7 Rgf8 23. Rh7 Be6 24. Qb5 Rxf7 25. Rxf7 Bxf7 26. Rb1 Qd7 27.
Bd3 Re8 28. f5 Re5 29. Qxb7+ Qxb7 30. Rxb7 Kxb7 31. g4 Bd5 32. g3 Be4 33. f6
Nd8 34. Bc4 Bxc2 35. f7 Nxf7 36. Bxf7 d3 37. Bd5+ Rxd5 38. Bxe3 d2+ 0-1

[Event "Michigan Open"]
[Site "Romulus, MI"]
[Date "2000.09.04"]
[Round "6.7"]
[White "Randall, Paul"]
[Black "Hahn, David"]
[Result "1/2-1/2"]
[WhiteElo "1929"]
[BlackElo "2143"]
[PlyCount "118"]
[EventDate "2000.09.01"]

1. d4 d6 2. e4 Nf6 3. Nc3 g6 4. Bd3 Bg7 5. Bg5 Nbd7 6. Qd2 c5 7. d5 Qa5 8. Bh6
O-O 9. Bxg7 Kxg7 10. Nf3 a6 11. O-O b5 12. Qg5 Qc7 13. Nh4 c4 14. Be2 Nc5 15.
Qe3 Bb7 16. f4 b4 17. e5 Nfd7 18. e6 fxe6 19. dxe6 Nf6 20. f5 bxc3 21. Nxg6
Nce4 22. Nxf8 Rxf8 23. bxc3 d5 24. g4 Qc5 25. Qd4 h6 26. Rab1 Bc6 27. Bf3 Qxd4+
28. cxd4 Nd2 29. Rb6 Nxf1 30. Rxc6 Ne3 31. Rc7 Re8 32. h3 Kf8 33. c3 Rb8 34.
Kf2 Nc2 35. h4 Na3 36. g5 hxg5 37. hxg5 Nb5 38. Rc6 Ne4+ 39. Bxe4 dxe4 40. Rxc4
Nd6 41. Rc5 Rb5 42. Ke3 Nxf5+ 43. Kxe4 Nd6+ 44. Kd5 Rb2 45. Ra5 Rc2 46. Rxa6
Rxc3 47. a4 Rg3 48. Ra8+ Kg7 49. a5 Rxg5+ 50. Kc6 Rg4 51. d5 Ra4 52. Kd7 Kf6
53. Rf8+ Ke5 54. Kxe7 Rxa5 55. Rf1 Ra7+ 56. Kd8 Kxd5 57. e7 Ke6 58. Re1+ Kd5
59. Rd1+ Ke6 1/2-1/2

[Event "Michigan Open Reserve"]
[Site "Romulus, MI"]
[Date "2000.09.04"]
[Round "6.38"]
[White "Raban, David"]
[Black "Gregg, Ted"]
[Result "1-0"]
[WhiteElo "1586"]
[BlackElo "1263"]
[PlyCount "94"]
[EventDate "2000.09.01"]

1. d4 f5 2. Nc3 e6 3. e4 fxe4 4. Nxe4 Nf6 5. Bg5 Be7 6. Bxf6 Bxf6 7. Nf3 O-O 8.
g4 g6 9. Qd2 b6 10. h4 Bb7 11. Bd3 Nc6 12. c3 Bg7 13. Qe3 Ne7 14. c4 Bxe4 15.
Bxe4 d5 16. cxd5 Nxd5 17. Qg5 Bf6 18. Qd2 Qe7 19. O-O-O Rad8 20. h5 g5 21. a3
h6 22. Qc2 Nf4 23. Ne5 Bxe5 24. dxe5 Qc5 25. Qxc5 bxc5 26. Rxd8 Rxd8 27. Rd1
Rd4 28. Rxd4 cxd4 29. b4 Kf8 30. Kc2 Ke7 31. Bc6 Nh3 32. f3 Nf2 33. Kd2 Kd8 34.
Ke2 Nh3 35. Kd3 Nf4+ 36. Kxd4 Ke7 37. Kc4 Kd8 38. Bb5 Ke7 39. Kc5 Kd8 40. Bc4
Kd7 41. Bb5+ Kd8 42. Bc6 Kc8 43. Be4 Kd7 44. Kb5 Kc8 45. Kc6 Kb8 46. Kd7 a6 47.
a4 Nd5 1-0

[Event "Michigan Open"]
[Site "Romulus, MI"]
[Date "2000.09.04"]
[Round "6.4"]
[White "Pierce, Kevin"]
[Black "Calton, Bill"]
[Result "0-1"]
[WhiteElo "1902"]
[BlackElo "2221"]
[PlyCount "67"]
[EventDate "2000.09.01"]

1. d4 d5 2. Nf3 Nc6 3. e3 Bg4 4. Be2 e6 5. c4 dxc4 6. Qa4 Bd6 7. Bd2 a6 8. Qxc4
Nf6 9. Nc3 O-O 10. O-O e5 11. d5 Ne7 12. e4 Ng6 13. Rfe1 Qe7 14. g3 Rae8 15.
Ng5 Bd7 16. Bf1 h6 17. Nf3 Ng4 18. h3 Nf6 19. Bg2 Nh7 20. g4 Nh4 21. Nxh4 Qxh4
22. Qd3 h5 23. f3 Ng5 24. Kh2 f5 25. Bxg5 Qxg5 26. Qe3 Qxe3 27. Rxe3 fxg4 28.
fxg4 hxg4 29. hxg4 Bxg4 30. Kg3 Bd7 31. Rf1 Rf4 32. Ref3 g5 33. Rxf4 exf4+ 34.
Kh2 0-1

[Event "Michigan Open Reserve"]
[Site "Romulus, MI"]
[Date "2000.09.04"]
[Round "4.64"]
[White "Pankov, Andrei"]
[Black "Ramp, James"]
[Result "1-0"]
[WhiteElo "1042"]
[BlackElo "1348"]
[PlyCount "96"]
[EventDate "2000.09.01"]

1. c4 Nf6 2. Nc3 e5 3. g3 Nc6 4. Bg2 b6 5. e3 Bb7 6. Nge2 Rb8 7. O-O Be7 8. d4
exd4 9. exd4 Na5 10. b3 Bxg2 11. Kxg2 d5 12. Qd3 dxc4 13. bxc4 O-O 14. Bd2 c5
15. d5 Nb7 16. Rfe1 Nd6 17. Nd1 Re8 18. Ne3 Nfe4 19. Bc3 Bf6 20. Rab1 Bxc3 21.
Nxc3 Qf6 22. Nxe4 Nxe4 23. f3 Nd6 24. Ng4 Qg6 25. Qc3 Kf8 26. Ne5 Rxe5 27. Qxe5
Re8 28. Qc3 Rd8 29. Rb2 Rd7 30. Rbe2 h6 31. Qe5 f6 32. Qe6 Qf7 33. Qxf7+ Kxf7
34. Rc2 Kf8 35. Kf2 Kf7 36. h4 h5 37. Kg2 Nf5 38. Kh3 Nd4 39. Rf2 Nf5 40. g4
hxg4+ 41. fxg4 Nd6 42. Rf4 Kg6 43. a4 a5 44. Rc1 Re7 45. Rc3 Kf7 46. h5 Re5 47.
Kh4 Nf5+ 48. gxf5 Re8 1-0

[Event "Michigan Open Reserve"]
[Site "Romulus, MI"]
[Date "2000.09.04"]
[Round "7.27"]
[White "Pankov, Andrei"]
[Black "Carr, Jay"]
[Result "1/2-1/2"]
[WhiteElo "1042"]
[BlackElo "1600"]
[PlyCount "74"]
[EventDate "2000.09.01"]

1. c4 Nf6 2. Nc3 c6 3. d4 d5 4. e3 Bf5 5. Nf3 h6 6. cxd5 cxd5 7. Be2 e6 8. Bb5+
Nbd7 9. Ne5 a6 10. Bxd7+ Nxd7 11. Nxd7 Qxd7 12. O-O Be7 13. a3 O-O 14. b4 Rac8
15. Bb2 Rc6 16. Qd2 Rfc8 17. Rfc1 b5 18. Re1 Qb7 19. Rac1 Rc4 20. Ba1 Qc6 21.
Qb2 Bf6 22. Ne2 Qb7 23. Rc3 Rxc3 24. Nxc3 Rc4 25. Rc1 Qc6 26. Ne2 Bd3 27. Rxc4
Qxc4 28. Nc1 Bc2 29. Qc3 Qxc3 30. Bxc3 Be7 31. f3 Kf8 32. Kf2 f5 33. Ke2 g5 34.
Kd2 Bb1 35. Nd3 Bxd3 36. Kxd3 Kf7 37. Ke2 Kg6 1/2-1/2